USA,Mexican & Canadian States,Provinces & Territories - Statistics

General Stats
  • This quiz has been taken 135 times
    62 since last reset
  • The average score is 64 of 101
Answer Stats
Hint Answer % Correct
USA 38,041430 California
93%
USA 19,570,261 New York
93%
USA 26,059,203 Texas
90%
USA 19,317,568 Florida
88%
USA 12,875,255 Illinois
88%
USA 4,822,023 Alabama
85%
USA 6,553,255 Arizona
85%
USA 2,949,131 Arkansas
85%
USA 5,187,582 Colorado
85%
USA 9,919,945 Georgia
85%
USA 1,329,192 Maine
85%
USA 6,897,012 Washington
85%
USA 731,449 Alaska
83%
USA 9,883,360 Michigan
83%
USA 8,864,590 New Jersey
83%
USA 9,752,073 North Carolina
83%
USA 11,544,225 Ohio
83%
USA 3,899,353 Oregon
83%
USA 1,050,292 Rhode Island
83%
USA 626,011 Vermont
83%
USA 8,185,867 Virginia
83%
USA 1,855,413 West Virginia
83%
USA 1,595,728 Idaho
80%
USA 6,537,334 Indiana
80%
USA 2,758,931 Nevada
80%
USA 2,085,538 New Mexico
80%
USA 699,628 North Dakota
80%
USA 3,814,820 Oklahoma
80%
Canada 12,851,821 Ontario
80%
USA 12,763,536 Pennsylvania
80%
USA 4,723,723 South Carolina
80%
USA 833,354 South Dakota
80%
USA 1,392,313 Hawaii
78%
USA 3,074,186 Iowa
78%
USA 2,885,805 Kansas
78%
USA 4,601,893 Louisiana
78%
USA 5,884,563 Maryland
78%
USA 2,984,926 Mississippi
78%
USA 1,005,141 Montana
78%
USA 1,320,718 New Hampshire
78%
Canada 7,903,001 Quebec
78%
USA 576,412 Wyoming
78%
USA 3,590,347 Connecticut
75%
USA 4,380,415 Kentucky
75%
Mexico 15,586,317 Mexican State
75%
USA 2,855,287 Utah
75%
USA 5,726,398 Wisconsin
75%
Canada 3,645,257 Alberta
73%
USA 6,021,988 Missouri
73%
USA 1,855,525 Nebraska
73%
Mexico 3,302,96 Baja California
70%
USA 5,379,139 Minnesota
70%
Canada 4,400,057 British Columbia
68%
USA 6,456,243 Tennessee
68%
USA 917,092 Delaware
65%
USA 6,646,144 Massachusetts
65%
Canada 41,462 Northwest Territories
60%
Canada 31,906 Nunavut
60%
Canada 1,033,381 Saskatchewan
60%
Canada 33,897 Yukon
60%
Canada 1,208,268 Manitoba
58%
Mexico 3,470,783 Chihuahua
55%
Canada 751,171 New Brunswick
55%
Mexico 2,015,977 Yucatan
55%
Canada 921,727 Nova Scotia
53%
Canada 140,204 Prince Edward Island
53%
USA 3,667,084 Puerto Rico
53%
Mexico 691,161 Baja California Sur
50%
Mexico 7,554,931 Jalisco
50%
Mexico 4,983,116 Chiapas
48%
USA 159,358 Guam
45%
Mexico 3,866,280 Oaxaca
45%
Mexico 2,755,258 Sonora
45%
USA 632,323 District of Columbia
43%
Mexico 4,826,292 Nuevo Leon
43%
Mexico 1,440,814 Quintana Roo
43%
Mexico 2,309,369 Tabasco
43%
Mexico 1,237,675 Aguascalientes
40%
Mexico 1,667,374 Durango
40%
Mexico 1,819,892 Morelos
40%
Mexico 1,118,468 Nayarit
40%
Canada 514,536 Newfoundland and Labrador
40%
Mexico 5,914,085 Puebla
40%
Mexico 1,924,144 Queretaro
40%
Mexico 8,864,370 Federal District
38%
Mexico 3,442,564 Guerrero
38%
USA 55,519 American Samoa
35%
Mexico 849,617 Campeche
35%
Mexico 672,995 Colima
35%
Mexico 4,412,767 Michoacan
35%
Mexico 2,806,664 Sinaloa
35%
Mexico 7,773,408 Veracruz
35%
Mexico 1,514,618 Zacatecas
35%
Mexico 2,841,657 Coahuila
33%
Mexico 5,652,973 Guanajuato
33%
Mexico 2,753,582 Hidalgo
33%
Mexico 2,638,693 San Luis Potosi
33%
Mexico 3,372,200 Tamaulipas
33%
USA 106,405 U.S. Virgin Islands
33%
Mexico 1,213,757 Tlaxcala
30%
USA 53,883 Northern Mariana Islands
28%
No matching quizzes found
Score Distribution
Percent of People with Each Score
Percentile by Number Answered
Your Score History
You have not taken this quiz since the last reset